Fr. Conceicao Rodrigues College of Engineering

Word Star Reference Manual For Relese 3.3 (Record no. 22627)

MARC details
000 -LEADER
fixed length control field 00316nam a2200133Ia 4500
082 ## - DEWEY DECIMAL CLASSIFICATION NUMBER
Classification number 1.6
Item number Mic
100 ## - MAIN ENTRY--PERSONAL NAME
Personal name Micro Pro
245 ## - TITLE STATEMENT
Title Word Star Reference Manual For Relese 3.3
260 ## - PUBLICATION, DISTRIBUTION, ETC.
Name of publisher, distributor, etc. Micro Pro international corp.
Place of publication, distribution, etc. California
Date of publication, distribution, etc. 1983
546 ## - LANGUAGE NOTE
Language note ENGLISH
654 ## - SUBJECT ADDED ENTRY--FACETED TOPICAL TERMS
Focus term word star
942 ## - ADDED ENTRY ELEMENTS (KOHA)
Koha item type BOOK
Holdings
Withdrawn status Lost status Damaged status Not for loan Collection Home library Current library Shelving location Date acquired Total Checkouts Full call number Barcode Date last seen Price effective from Koha item type
        AFT Fr. Agnel's C.Rodrigues College of Engineering Fr. Agnel's C.Rodrigues College of Engineering   17/03/2023   1.6 Mic AFT5476 17/03/2023 17/03/2023 BOOK
        AFT Fr. Agnel's C.Rodrigues College of Engineering Fr. Agnel's C.Rodrigues College of Engineering   17/03/2023   1.6 Mic AFT5477 17/03/2023 17/03/2023 BOOK